| 000 | 00627cam a22002293a 4500 | ||
|---|---|---|---|
| 001 | 19931 | ||
| 003 | PGUSA | ||
| 005 | 20140828083424.0 | ||
| 008 | 061127s2006||||xxu|||||s|||||000 | eng d | ||
| 040 |
_aPGUSA _beng |
||
| 042 | _adc | ||
| 050 | 4 | _aPS | |
| 100 | 1 |
_aWilde, Percival, _d1887-1953 |
|
| 245 | 1 | 4 |
_aThe Reckoning : _bA Play in One Act _h[electronic resource] / _cPercival Wilde |
| 260 |
_bProject Gutenberg, _c2006 |
||
| 506 | _aPublic domain in the USA. | ||
| 516 | _aElectronic text | ||
| 653 | _aDrama | ||
| 830 | 0 |
_aProject Gutenberg _v19931 |
|
| 856 | 4 | 0 | _uhttp://www.gutenberg.org/ebooks/19931 |
| 942 | _cEB | ||
| 999 |
_c249186 _d249186 |
||